Bill Paxton Movies Quiz Stats

 Plays Quiz Updated Feb 26, 2017

Support Sporcle.
Go Orange.
Score 0/61 Timer 10:00
1 Play Today
Year Movie % Correct
1996Twister
76.7%
1986Aliens
66.7%
1997Titanic
54.2%
1993Tombstone
51.9%
1995Apollo 13
51.5%
1984The Terminator
45.7%
1985Weird Science
43.7%
1994True Lies
37.9%
2014Edge of Tomorrow
24.1%
1990Predator 2
24.1%
2001Frailty
22%
1998A Simple Plan
20.1%
2004Club Dread
15.1%
1987Near Dark
14.5%
2014Nightcrawler
12.4%
1992One False Move
12.4%
2000U-571
12.4%
1985Commando
11.4%
2002Spy Kids 2: Island of Lost Dreams
11.4%
1981Stripes
11.3%
2003Spy Kids 3-D: Game Over
11%
1998Mighty Joe Young
10.7%
2004Thunderbirds
10.4%
20132 Guns
9.8%
1990Navy Seals
9.4%
2000Vertical Limit
9.3%
1992Trespass
9.1%
1984Streets of Fire
8.6%
1989Next of Kin
8.3%
2011Haywire
8.1%
2014Million Dollar Arm
7.9%
Year Movie % Correct
1993Boxing Helena
7.2%
1995Frank & Jesse
7%
1993Indian Summer
6.9%
1996The Evening Star
6.8%
1995The Last Supper
6.8%
1990Brain Dead
6.7%
1983The Lords of Discipline
6.7%
2013The Colony
6.7%
1991The Dark Backward
6.5%
1992The Vagrant
6.4%
2016Term Life
6.4%
2016Mean Dreams
6.3%
1997Traveller
6.1%
2004Haven
5.8%
1990The Last of the Finest
5.7%
1983Mortuary
5.7%
1988Pass the Ammo
5.6%
1993Monolith
5.5%
2012Shanghai Calling
5.5%
1989Slipstream
5.3%
1984Impulse
5.3%
2015Pixies
5.2%
2003Resistance
5.1%
2007The Good Life
5.1%
1983Taking Tiger Mountain
5%
1989Back to Back
5%
1994Future Shock
5%
2013Red Wing
4.9%
1983Night Warning
4.8%
1988Riding Fast
3.7%

You're not logged in!

Compare scores with friends on all Sporcle quizzes.
OR
Log In
Forgot?

From the Vault

Sherlock Trivia

by Tiula

You'll have to be a Sherlock super sleuth to get 100% on this.
Remove Ads.
Support Sporcle.
Get the best of Sporcle when you Go Orange. This ad-free experience offers more features, more stats, and more fun while also helping to support Sporcle. Thank you for becoming a member.

Show Comments

Extras

Top Quizzes Today


Score Distribution

Your Account Isn't Verified!

In order to create a playlist on Sporcle, you need to verify the email address you used during registration. Go to your Sporcle Settings to finish the process.

Report this User

Report this user for behavior that violates our Community Guidelines.

Details: